=LDR 00000nam 2200000 4500 =001 NUTBA000000000000805 =005 20210617081424 =035 ##$$a 0010-041400000000075 =008 210617################g##########0#ind## =082 ##$$a 330.9 =100 1#$$a Heilbroner, Robert L =245 1#$$a Terbentuknya masyarakat ekonomi /$c Robert L. Heilbroner =260 ##$:$b Ghalia Indonesia =300 ##$$a 351,HLM ; $c 21x14 cm =850 ##$$a NBPN MAT =084 ##$$a 330.9 HEI t =250 ##$$a cet.1 =650 #4$$a Masyarakat ekonomi =990 ##$$a 00088462 =990 ##$$a DW99006590 =990 ##$$a 80.961 pro.95